01058nam a2200217 i 4500001000700000003000900007005001700016007000300033008004100036100004300077245016100120260006600281300004000347490005000387700004100437700005200478830005800530852011300588999001900701952012000720111599ES-MaACL20240523063033.0t|061121q1919 sp f |||| | spa d0 aNerval, Gérard de,d1808-185598540114aLas hijas del fuego b: (novelas) / cGerardo de Nerval [seud.] ; [traducción de Carmen de Burgos (Colombine) ; prólogo de Ramón Gómez de la Serna]. aMadrid : bBiblioteca Nueva, c[ca. 1919] (fImp. Juan Pueyo) a269 p., [5] h. de lám. ; c19 cm.1 aColección extranjera de la Biblioteca Nueva1 aBurgos, Carmen de,d1867-19329326461 aGómez de la Serna, Ramón,d1888-19639579010 aColección extranjera de la Biblioteca Nueva9226400 aES-MaACLjF-8449 z.- Ded. autógrafa de Ramón Goméz de la Serna z.- Dont. Ramón Gómez de la Serna c111599d111599 00104070aATENEOMbATENEOMcSPP2d2008-01-17eSCl0oF-8449p1116421r2023-02-23 00:00:00w2023-02-23yMONOGRAFIA